taylor swift - Statistics

General Stats
  • This quiz has been taken 7 times
  • The average score is 6 of 13
Answer Stats
Answer % Correct
shake it off
71%
you belong with me
71%
look what you made me do
57%
picture to burn
57%
willow
57%
all too well
43%
better than revenge
43%
karma
43%
we are never ever getting back together
43%
shouldve said no
29%
innocent
14%
london boy
14%
the lucky one
14%
No matching quizzes found
Score Distribution
Percent of People with Each Score
Percentile by Number Answered
Your Score History
You have not taken this quiz